00309nam a2200109 a 4500008004100000050001600041245004300057246003900100260004200139300000900181350000900190120416s1987 ||||||||||||||||| || u aHD 62.7 Sta12aA guide for small business development aStandard Chartered Bank Zambia Ltd aLusakabStandard Chartered Bankc1987 a43p. a0.00